Panorama del cuento centroamericano (Registro nro. 17846)

Detalles MARC
000 -CABECERA
Longitud fija campo de control 00643nam a22001937a 4500
003 - IDENTIFICADOR DELl NÚMERO DE CONTROL
Identificador del número de control OSt
005 - FECHA Y HORA DE LA ÚLTIMA TRANSACCIÓN
Fecha y hora de la última transacción 20150219181134.0
008 - CÓDIGOS DE INFORMACIÓN DE LONGITUD FIJA
Códigos de información de longitud fija 150129b xxu||||| |||| 00| 0 eng d
040 ## - FUENTE DE LA CATALOGACIÓN
Centro transcriptor BMC
082 ## - NÚMERO DE LA CLASIFICACIÓN DECIMAL DEWEY
Númeroo de clasificación 808.831728
245 10 - MENCIÓN DE TÍTULO
Título Panorama del cuento centroamericano
Número de parte o sección de la obra Tomo I
Mención de responsabilidad, etc. director, Miguel Angel Asturias
260 ## - PUBLICACIÓN, DISTRIBUCIÓN, ETC. (PIE DE IMPRENTA)
Lugar de publicación, distribución, etc. Lima (Perú)
Nombre del editor, distribuidor, etc. Latinoamericana
Fecha de publicación, distribución, etc. [1979]
300 ## - DESCRIPCIÓN FÍSICA
Extensión 351 p.
Dimensiones 17 cm
500 ## - NOTA GENERAL
Nota general En la cub.: 1º Festival del libro Centroamericano
505 ## - NOTA DE CONTENIDO CON FORMATO
Nota de contenido con formato En la port.: Primer Festival del Libro Centroamericano
650 24 - PUNTO DE ACCESO ADICIONAL DE MATERIA - TÉRMINO DE MATERIA
Término de materia o nombre geográfico como elemento inicial Cuentos centroamericanos
9 (RLIN) 30848
700 1# - PUNTO DE ACCESO ADICIONAL - NOMBRE DE PERSONA
Nombre de persona Asturias, Miguel Ángel
9 (RLIN) 878
Fechas asociadas al nombre 1899-1974
942 ## - ENTRADA DE ELEMENTOS AGREGADOS (KOHA)
Fuente de clasificaión o esquema Dewey Decimal Classification
Koha [por defecto] tipo de item 1- Monografias
Existencias
Suprimido Perdido Fuente de clasificación o esquema Estropeado Restricciones de uso No para préstamo Código de colección Localización permanente Localización actual Localización en estanter&íacute;as Fecha adquisición Fuente de adquisición Número de inventario Préstamos totales Signatura completa Código de barras Fecha última consulta Coste, precio reemplazado Fecha del precio de reemplazo Tipo de item de Koha
NULL NULL Dewey Decimal Classification NULL Prestable NULL NULL Biblioteca Miguel de Cervantes - UNICAES Biblioteca Miguel de Cervantes - UNICAES Sala Principal 02/02/2015 Donación - Mayorga Rivas 027488   C PAN 1027898 02/02/2015 24.00 02/02/2015 1- Monografias